[Event "BAGIJ    I"]
[Site "SchemingMind.com"]
[Date "2018.12.16"]
[Round "-"]
[White "Chessibelle"]
[Black "krzysztof"]
[Result "0-1"]
[WhiteCountry "ENG"]
[BlackCountry "POL"]
[WhiteElo "1147"]
[WhiteRD "57"]
[BlackElo "1528"]
[BlackRD "71"]
[GameID "436067"]

1. e4 e6 2. d3 Nc6 3. Nf3 Bc5 4. Bg5 f6 5. Bh4 d5 6. Nbd2 d4 7. a3 a5 8. Nb3 b6 9. Be2 g5 10. Bg3 h5
11. O-O h4 12. Nxc5 bxc5 13. Qd2 e5 14. c3 h3 15. b4 hxg2 16. Kxg2 Bh3+ 17. Kg1 Bxf1 18. Rxf1 axb4 19. axb4 dxc3 20. Qxc3 Nxb4
21. Qxc5 Qd6 22. Qc3 c5 23. Nd2 Ne7 24. Nc4 Qc6 25. Rc1 Kf7 26. Kg2 Ra2 27. Nd2 Rc8 28. Qc4+ Kf8 29. Bd1 Rxd2 30. Bh5 Ned5
31. Bg4 Ne3+
0-1

[Event "BAGIJ    I"]
[Site "SchemingMind.com"]
[Date "2018.12.16"]
[Round "-"]
[White "krzysztof"]
[Black "JAHI"]
[Result "0-1"]
[WhiteCountry "POL"]
[BlackCountry "INT"]
[WhiteElo "1592"]
[WhiteRD "67"]
[BlackElo "2133"]
[BlackRD "80"]
[GameID "436068"]

1. c3 d6 2. d4 c6 3. Na3 c5 4. Bf4 cxd4 5. cxd4 Nf6 6. Rc1 Nc6 7. e3 Qa5+ 8. Qd2 Qxd2+ 9. Kxd2 Ne4+ 10. Ke1 Be6
11. b3 Rc8 12. f3 Nf6 13. Bb5 Nd5 14. Bxc6+ bxc6 15. Ne2 Nb4 16. Nc3 Nd3+ 17. Kd2 Nxc1 18. Rxc1 h6 19. Ne4 g6 20. Nc4 d5
21. Nc5 dxc4 22. bxc4 Bg7 23. Bg3 g5 24. Nxe6 fxe6 25. h4 gxh4 26. Bxh4 e5 27. dxe5 Bxe5 28. f4 Bc7 29. Ke2 Rb8 30. Rc2 Kf7
31. f5 Rb1 32. g3 Rhb8 33. Kf3 R8b2 34. Rxb2 Rxb2 35. g4 Rxa2 36. g5 hxg5 37. Bxg5 Rc2 38. c5 Rxc5 39. e4 Rc3+ 40. Ke2 Rh3
41. Be3 Bb6 42. Bxb6 axb6 43. Kf2 b5
0-1

[Event "BAGIJ    I"]
[Site "SchemingMind.com"]
[Date "2018.12.16"]
[Round "-"]
[White "krzysztof"]
[Black "Allan Sedstrem"]
[Result "1-0"]
[WhiteCountry "POL"]
[BlackCountry "SCO"]
[WhiteElo "1528"]
[WhiteRD "71"]
[BlackElo "1562"]
[BlackRD "70"]
[GameID "436069"]

1. Nc3 d5 2. d4 c5 3. dxc5 Na6 4. Nf3 e6 5. Ne5 Nxc5 6. e4 Bd6 7. Ng4 dxe4 8. Bb5+ Bd7 9. Qxd6 b6 10. Bf4 f6
11. O-O-O e5 12. Bg3 Ne7 13. Ne3 O-O 14. Bxd7 Nb7 15. Qe6+ Kh8 16. Qh3 Nc5 17. Bf5 Nxf5 18. Rxd8 Rfxd8 19. Nxf5 Ne6 20. Nxe4 Rd7
21. f4 exf4 22. Bf2 Rf8 23. Rd1 Ng5 24. Nxg5 Rxd1+ 25. Kxd1
1-0

[Event "BAGIJ    I"]
[Site "SchemingMind.com"]
[Date "2018.12.20"]
[Round "-"]
[White "Goz"]
[Black "Carl Lenox"]
[Result "0-1"]
[WhiteCountry "ENG"]
[BlackCountry "CAN"]
[WhiteElo "1561"]
[WhiteRD "72"]
[BlackElo "1326"]
[BlackRD "85"]
[GameID "436175"]

1. d4 g6 2. e4 a6 3. c4 c6 4. b4 Bg7 5. e5 e6 6. Nf3 b5 7. c5 Ne7 8. Nc3 Bb7 9. Bd3 O-O 10. O-O Re8
11. Bb2 Nd5 12. Nxd5 cxd5 13. a4 bxa4 14. Rxa4 Nc6 15. Re1 a5 16. b5 Nb4 17. Be2 Bh6 18. Bc1 Bxc1 19. Qxc1 f5 20. exf6 Qxf6
21. Ne5 Re7 22. c6 Bc8 23. c7 d6 24. Nc6 Rxc7 25. Rd1 Bb7 26. Qb2 Nxc6 27. bxc6 Bxc6 28. Bb5 Bb7 29. h3 e5 30. f3 Qf5
31. g4 Qxf3 32. Rf1 Qxh3 33. Qe2 Rc3 34. Rf2 Qg3+ 35. Rg2 Rc1+ 36. Qf1 Qe3+ 37. Rf2 Rf8 38. Ra2 Rxf2 39. Rxf2 Rxf1+ 40. Kxf1 Qxd4
41. Be2 Qa1+ 42. Kg2 d4+ 43. Kg3 Qg1+
0-1

[Event "BAGIJ    I"]
[Site "SchemingMind.com"]
[Date "2018.12.20"]
[Round "-"]
[White "Goz"]
[Black "Phillip Beckett"]
[Result "0-1"]
[WhiteCountry "ENG"]
[BlackCountry "ENG"]
[WhiteElo "1588"]
[WhiteRD "70"]
[BlackElo "1518"]
[BlackRD "49"]
[GameID "436176"]

1. d4 d5 2. e3 e6 3. c3 c5 4. Nf3 Nc6 5. Be2 Nf6 6. Nbd2 Bd6 7. O-O O-O 8. Qc2 Bd7 9. dxc5 Bxc5 10. Bd3 Qc7
11. Ng5 h6 12. Nh3 Bd6 13. f4 Rac8 14. Nf3 Nb4 15. Qd2 Nxd3 16. Qxd3 a6 17. Bd2 Bb5 18. Qc2 Bxf1 19. Rxf1 Ne4 20. Rc1 Nxd2
21. Nxd2 e5 22. f5 d4 23. exd4 exd4 24. g3 Bxg3 25. Ne4 d3 26. Qd2 Qb6+ 27. Kg2 Bb8 28. b4 Qc7 29. Ng3 Qc6+ 30. Kf2 Ba7+
31. Kf1 Qf3+ 32. Ke1 Rfe8+ 33. Ne2 Rxe2+
0-1

[Event "BAGIJ    I"]
[Site "SchemingMind.com"]
[Date "2018.12.20"]
[Round "-"]
[White "Allan Sedstrem"]
[Black "Goz"]
[Result "0-1"]
[WhiteCountry "SCO"]
[BlackCountry "ENG"]
[WhiteElo "1600"]
[WhiteRD "65"]
[BlackElo "1561"]
[BlackRD "72"]
[GameID "436177"]

1. c4 e5 2. Nc3 Nf6 3. e4 Be7 4. d3 c6 5. Qb3 O-O 6. Nf3 d6 7. Be2 Be6 8. Qxb7 Nbd7 9. Qxc6 Nb6 10. Qb5 Nfd7
11. O-O Qc7 12. Bg5 f6 13. Qb3 fxg5 14. h3 Nc5 15. Qc2 g4 16. h4 gxf3 17. Bxf3 Bxh4 18. g3 Rxf3 19. Kh2 Nxd3 20. Rad1 Nc5
21. Qe2 Bg4 22. Qd2 Rd3 23. Qc2 Bxd1 24. Nxd1 Bg5 25. f3 Rf8 26. b4 Rdxf3 27. Rxf3 Rxf3 28. bxc5 dxc5 29. Qg2 Rf6 30. Nf2 Nxc4
31. Ng4 Ra6 32. Qe2 Ra4 33. Qc2 Nb6 34. Qb3+ c4
0-1

[Event "BAGIJ    I"]
[Site "SchemingMind.com"]
[Date "2018.12.21"]
[Round "-"]
[White "Goz"]
[Black "Timaeus"]
[Result "1/2-1/2"]
[WhiteCountry "ENG"]
[BlackCountry "JPN"]
[WhiteElo "1534"]
[WhiteRD "77"]
[BlackElo "1466"]
[BlackRD "88"]
[GameID "436178"]

1. d4 d5 2. e3 Bf5 3. Bd3 Be4 4. Bxe4 dxe4 5. Nc3 Nf6 6. Nge2 e6 7. a3 Bd6 8. O-O O-O 9. f4 c5 10. Nb5 a6
11. Nxd6 Qxd6 12. c4 b6 13. dxc5 Qxc5 14. b3 Nbd7 15. Nc3 Rad8 16. Qc2 Ng4 17. Re1 f5 18. h3 Ngf6 19. Na4 Qc6 20. b4 b5
21. Nb2 bxc4 22. Nxc4 Rc8 23. Bb2 Qxc4 24. Qxc4 Rxc4 25. Rad1 Rc2 26. Bxf6 Nxf6 27. Rd6 Ra8 28. Rxe6 a5 29. b5 Nh5 30. Kh2 Rb2
31. Re5 g6 32. h4 Ra2 33. b6 Rxa3 34. Rb1 Rxe3 35. b7 Rb8 36. Rxa5 Rd3 37. Ra8 Rdd8 38. Ra3 Re8 39. g3 e3 40. Ra7 Kg7
41. Kg2 Nf6 42. Kf3 Ng4 43. Ke2 h6 44. Rc1 Re7 45. Rb1 Nf6 46. Rb3 Nd5 47. Rd3 Nxf4+ 48. gxf4 Re4 49. Rd7+ Kf6 50. Ra8 Ree8
51. Rxb8 Rxb8 52. Kxe3 Ke6 53. Rc7 Kd5 54. Rg7 h5 55. Rxg6 Rxb7 56. Rg5 Rb3+ 57. Kf2 Ke4 58. Rxh5 Kxf4 59. Rh8 Rb2+ 60. Ke1 Rh2
61. Kf1 Kg3 62. h5 f4 63. h6 Rh1+ 64. Ke2 f3+ 65. Ke3 Re1+ 66. Kd4 f2 67. Rg8+ Kh2 68. h7 f1=Q 69. h8=Q+ Qh3 70. Qxh3+=
1/2-1/2

[Event "BAGIJ    I"]
[Site "SchemingMind.com"]
[Date "2018.12.21"]
[Round "-"]
[White "Goz"]
[Black "krzysztof"]
[Result "1-0"]
[WhiteCountry "ENG"]
[BlackCountry "POL"]
[WhiteElo "1588"]
[WhiteRD "70"]
[BlackElo "1528"]
[BlackRD "71"]
[GameID "436181"]

1. d4 e6 2. e4 d6 3. c4 b6 4. Bd3 Bb7 5. Nf3 Nh6 6. Bxh6 gxh6 7. O-O Nd7 8. b4 a6 9. Nc3 Qe7 10. Qc2 O-O-O
11. a4 Rg8 12. g3 h5 13. h4 Bh6 14. Ne2 Rdf8 15. a5 e5 16. d5 Nf6 17. c5 dxc5 18. axb6 cxb6 19. bxc5 bxc5 20. Bxa6 Bf4
21. Bxb7+ Qxb7 22. Qxc5+ Qc7 23. Ra8+ Kb7 24. Ra7+ Kb8 25. Qxc7#
1-0

[Event "BAGIJ    I"]
[Site "SchemingMind.com"]
[Date "2018.12.20"]
[Round "-"]
[White "Chessibelle"]
[Black "Goz"]
[Result "0-1"]
[WhiteCountry "ENG"]
[BlackCountry "ENG"]
[WhiteElo "1147"]
[WhiteRD "57"]
[BlackElo "1588"]
[BlackRD "70"]
[GameID "436182"]

1. e4 c5 2. c4 e5 3. Nf3 d6 4. Be2 Nf6 5. Nc3 Be7 6. O-O O-O 7. Re1 a6 8. a3 Bd7 9. d3 b5 10. g3 Ne8
11. Qd2 Nc7 12. b3 a5 13. a4 b4 14. Nd5 Nxd5 15. Qb2 Nc3 16. Bf1 Nc6 17. Bg2 Nd4 18. Bd2 Nde2+ 19. Kh1 f5 20. h4 f4
21. Nh2 fxg3 22. Nf3 gxf2 23. Rf1 Ng3+ 24. Kh2 Nxf1+ 25. Rxf1 Bxh4 26. Qa1 Bg4 27. Kh1 Rxf3 28. Qb2 Bg3 29. Qc1 Qh4+ 30. Bh3 Qxh3#
0-1

[Event "BAGIJ    I"]
[Site "SchemingMind.com"]
[Date "2018.12.21"]
[Round "-"]
[White "Goz"]
[Black "JAHI"]
[Result "0-1"]
[WhiteCountry "ENG"]
[BlackCountry "INT"]
[WhiteElo "1534"]
[WhiteRD "77"]
[BlackElo "2133"]
[BlackRD "80"]
[GameID "436183"]

1. e4 d6 2. d4 d5 3. e5 f6 4. exf6 Nxf6 5. Be2 Bf5 6. Nc3 Nc6 7. Nf3 Bg4 8. O-O Bxf3 9. Bxf3 Qd7 10. Bg5 e6
11. Bxf6 gxf6 12. Bh5+ Kd8 13. Qf3 f5 14. Ne2 Kc8 15. Qf4 Rg8 16. c3 b6 17. b4 Kb7 18. a4 Bd6 19. Qf3 Rg5 20. h4 Rg7
21. Nf4 Bxf4 22. Qxf4 Qd6 23. Qe3 Rag8 24. g3 Rxg3+ 25. fxg3 Rxg3+ 26. Qxg3 Qxg3+ 27. Kh1 Qxh4+ 28. Kg2 Qxh5 29. Rh1 Qg4+ 30. Kf2 Qf4+
31. Ke2 Qe4+ 32. Kd2 Qg2+ 33. Kd3 e5 34. Rhe1 e4+ 35. Ke3 Qf3+ 36. Kd2 Qd3+ 37. Kc1 Qxc3+
0-1